<?xml version="1.0" encoding="UTF-8"?>
<record
    xmlns:xsi="http://www.w3.org/2001/XMLSchema-instance"
    xsi:schemaLocation="http://www.loc.gov/MARC21/slim http://www.loc.gov/standards/marcxml/schema/MARC21slim.xsd"
    xmlns="http://www.loc.gov/MARC21/slim">

  <leader>01581nam a22001457a 4500</leader>
  <datafield tag="999" ind1=" " ind2=" ">
    <subfield code="c">517377</subfield>
    <subfield code="d">517377</subfield>
  </datafield>
  <controlfield tag="008">210712b           ||||| |||| 00| 0 eng d</controlfield>
  <datafield tag="100" ind1=" " ind2=" ">
    <subfield code="a">Tom, Ashmy and Sumalatha, B. S. </subfield>
    <subfield code="9">26563</subfield>
  </datafield>
  <datafield tag="245" ind1=" " ind2=" ">
    <subfield code="a">Infant mortality in India: An analysis on spatial and sex-wise differences and factors determining the infant mortality rate </subfield>
  </datafield>
  <datafield tag="260" ind1=" " ind2=" ">
    <subfield code="a">IASSI Quarterly: Contributions to Indian Social Science </subfield>
  </datafield>
  <datafield tag="300" ind1=" " ind2=" ">
    <subfield code="a">39(4), Oct-Dec, 2020: p.617-631</subfield>
  </datafield>
  <datafield tag="520" ind1=" " ind2=" ">
    <subfield code="a">This study tried to analyse the state wise Infant Mortality Rate (IMR) and examined the important factors that determine IMR in India. The study also presents sex-wise and spatial (Urban &amp; Rural) differences in IMR across Indian states. State wise analysis reveals that Southern states have lower IMR compared to Northern states. On the other hand, spatial differences in IMR are higher than sex-wise differences across states. The regression analysis on cross-sectional data to understand the factors determining IMR shows that Female Literacy Rate and Total Fertility Rate have inverse and direct relationship with IMR respectively. Average out of pocket expenditure per delivery turns to be insignificant in determining IMR in India. Since there is a high difference in IMR across regions, the focus of the government policies should be more on the socioeconomic improvement of the northern and northeastern states to bridge the gap in the gender and spatial IMR across states. &#x2013; Reproduced 

</subfield>
  </datafield>
  <datafield tag="773" ind1=" " ind2=" ">
    <subfield code="a">IASSI Quarterly: Contributions to Indian Social Science </subfield>
  </datafield>
  <datafield tag="906" ind1=" " ind2=" ">
    <subfield code="a">INFANT - MORTALITY - INDIA</subfield>
  </datafield>
  <datafield tag="942" ind1=" " ind2=" ">
    <subfield code="c">AR</subfield>
  </datafield>
  <datafield tag="952" ind1=" " ind2=" ">
    <subfield code="0">0</subfield>
    <subfield code="1">0</subfield>
    <subfield code="2">ddc</subfield>
    <subfield code="4">0</subfield>
    <subfield code="7">0</subfield>
    <subfield code="9">391443</subfield>
    <subfield code="a">IIPA</subfield>
    <subfield code="b">IIPA</subfield>
    <subfield code="d">2021-07-12</subfield>
    <subfield code="h">39(4), Oct-Dec, 2020: p.617-631</subfield>
    <subfield code="p">AR124716</subfield>
    <subfield code="r">2021-07-12</subfield>
    <subfield code="y">AR</subfield>
  </datafield>
</record>
